Southville International School and Colleges
Your cart is empty.
  • Cart
  • Lists
    Public lists list_1 View all
    Your lists Log in to create your own lists
  • Log in to your account
  • Your cookies
  • Search history
Southville International School and Colleges
  • Advanced search
  • Recent comments
  • Most popular
  • Libraries

Log in to your account

Log in with GOOGLE


If you do not have an external account, but do have a local account, you can still log in:

  1. Home
  2. MARC view: Digital landscape of service industries
Normal view MARC view ISBD view

Digital landscape of service industries (Record no. 367131)

[ view plain ]
MARC details
000 -LEADER
fixed length control field 00706nam a22001937a 4500
003 - CONTROL NUMBER IDENTIFIER
control field 0
005 - DATE AND TIME OF LATEST TRANSACTION
control field 20250204171334.0
008 - FIXED-LENGTH DATA ELEMENTS--GENERAL INFORMATION
fixed length control field 250204b xxu||||| |||| 00| 0 eng d
050 ## - LIBRARY OF CONGRESS CALL NUMBER
Classification number HD 45
Item number .T75 2019
100 ## - MAIN ENTRY--PERSONAL NAME
Personal name Tria, Dominic E.
245 ## - TITLE STATEMENT
Title Digital landscape of service industries
Remainder of title business transformation framework.
Statement of responsibility, etc Dominic E. Tria
260 ## - PUBLICATION, DISTRIBUTION, ETC. (IMPRINT)
Place of publication, distribution, etc Las Pinas City
Name of publisher, distributor, etc Southville International School and Colleges
Date of publication, distribution, etc 2019
300 ## - PHYSICAL DESCRIPTION
Extent i, 139 pages;
Dimensions 28cm.
500 ## - GENERAL NOTE
General note Master of Business Administration.
504 ## - BIBLIOGRAPHY, ETC. NOTE
Bibliography, etc Includes bibliographical references and appendices.
650 ## - SUBJECT ADDED ENTRY--TOPICAL TERM
Topical term or geographic name as entry element Digital Transformation--Service Industries.
650 ## - SUBJECT ADDED ENTRY--TOPICAL TERM
Topical term or geographic name as entry element Technological Advancements --Business.
942 ## - ADDED ENTRY ELEMENTS (KOHA)
Source of classification or shelving scheme Library of Congress Classification
Koha item type Theses
Holdings
Withdrawn status Lost status Source of classification or shelving scheme Damaged status Home library Current library Shelving location Date acquired Source of acquisition Total Checkouts Full call number Barcode Date last seen Price effective from Koha item type
    Library of Congress Classification   College Library College Library Theses Section 02/04/2025 Donation   HD 45 .T75 2019 T1342 02/04/2025 02/04/2025 Theses

Digital landscape of service industries

APA

Tria D. E., . (2019). Digital landscape of service industries. Las Pinas City: Southville International School and Colleges.

Chicago

Tria Dominic E, . 2019. Digital landscape of service industries. Las Pinas City: Southville International School and Colleges.

Harvard

Tria D. E., . (2019). Digital landscape of service industries. Las Pinas City: Southville International School and Colleges.

MLA

Tria Dominic E, . Digital landscape of service industries. Las Pinas City: Southville International School and Colleges. 2019.

  • Print
  • Cite
  • Add to your cart (remove)
  • Save record
    BIBTEX Dublin Core MARCXML MARC (non-Unicode/MARC-8) MARC (Unicode/UTF-8) MARC (Unicode/UTF-8, Standard) MODS (XML) RIS
  • More searches
    Search for this title in:
    Other Libraries (WorldCat) Other Databases (Google Scholar) Online Stores (Bookfinder.com) Open Library (openlibrary.org)

Exporting to Dublin Core...

SOUTHVILLE LIBRARY

Southville International School and Colleges Library

1281 Tropical Ave. Cor. Luxembourg St., BF Homes International, Las Pinas City

Tel. No. 8256374 / 252358 Loc. 117/146

Powered by Koha